000 00416nam a2200157Ia 4500
008 231217s9999 xx 000 0 und d
041 _aEnglish
082 _a346 SHU `R'
100 _aShukla, M C
245 2 _aA manual of mercantile law including industrial law
250 _a3rd ed.
260 _c1998
_bNew Delhi : S. Chand,
300 _axii+732
650 _aMercantile law Industrial law
942 _cAA
999 _c166935
_d166935